Top 20 Cities of Spain on a Map Quiz Stats

 Plays Quiz Updated Dec 18, 2019

     
Support Sporcle.
Go Orange.
Score 0/20 Timer 06:00
24 Plays Today
% Correct
1. Madrid
99.4%
2. Barcelona
97.9%
4. Seville
80.7%
3. Valencia
78.6%
10. Bilbao
65.3%
6. Málaga
59.4%
5. Zaragoza
50.5%
19. Granada
48%
8. Palma de Mallorca
42.6%
12. Córdoba
41.2%
% Correct
17. A Coruña
39.6%
7. Murcia
38%
11. Alicante
34.7%
14. Vigo
34.5%
9. Las Palmas
34.3%
13. Valladolid
32.2%
15. Gijón
28.8%
20. Elche
15.5%
18. Vitoria-Gasteiz
13.8%
16. L'Hospitalet
12.5%

From the Vault

Before and After III

by HenryFieldstone

To every beginning there is an end, and to every end a quiz.
Remove Ads.
Support Sporcle.
Get the best of Sporcle when you Go Orange. This ad-free experience offers more features, more stats, and more fun while also helping to support Sporcle. Thank you for becoming a member.

Show Comments

Extras

Top Quizzes Today


Score Distribution

Your Account Isn't Verified!

In order to create a playlist on Sporcle, you need to verify the email address you used during registration. Go to your Sporcle Settings to finish the process.

Report this User

Report this user for behavior that violates our Community Guidelines.

Details: